000 00445nam a2200145 i 4500
001 65867
003 ES-MaACL
007 t|
008 040122s1984 sp ||||1| spa d
245 0 0 _aFueros de Zamora /
_cIntroducción, transcripción, vocabulario Jesús Majada Neila.
260 _aSalamanca :
_bLibrería Cervantes,
_c[1984]
300 _a91 p. ;
_c21 cm.
700 1 _aMajada Neila, Jesús.
_975640
852 _aES-MaACL
_jL-7327
_bR.107698
999 _c65867
_d65867